[Event "Match"]
[Site "www.echecsemail.com"]
[Date "2016.05.05"]
[Round "1"]
[White "Umutkrc"]
[Black "Whitekknight"]
[WhiteElo "1950"]
[BlackElo "1930"]
[Result "0-1"]
[Round "1"]
1.e3 e5
2.Ng1h3 d5
3.d4 e4
4.Qd1h5 Ng8f6
5.Qh5g5 h6
6.Qg5g3 Nb8c6
7.Bf1b5 Bc8d7
8.Qg3h4 a6
9.Bb5e2 Bd7e6
10.Nh3g5 Be6f5
11.g4 Bf5g6
12.Ng5h3 Bf8e7
13.Nh3f4 Nf6h5
14.Qh4h3 Nh5xf4
15.exf4 Nc6xd4
16.Be2d1 Qd8d7
17.c3 Nd4c6
18.f5 Bg6h7
19.Qh3g2 O-O-O
20.Bd1a4 b5
21.Ba4b3 f6
22.f3 Be7c5
23.fxe4 Bh7g8
24.Bc1f4 Kb7
25.Bb3xd5 Bg8xd5
26.exd5 Rh8e8
27.Kd2 Qd7xd5
28.Qg2xd5 Rd8xd5
29.Kc2 Re8e4
30.Rh1f1 Re4e2
31.Nb1d2 Nc6e5
32.b4 Bc5d6
33.Ra1d1 Ne5c4
34.Kc1 Bd6xf4
35.Rf1xf4 Rd5xd2
36.Rd1xd2 Re2xd2
37.Rf4xc4 Rd2xh2
38.Rc4d4 Kc8
39.a3 Rh2a2
40.Rd4e4 Kd7
41.Re4d4 Kc8
42.Kb1 Ra2g2
43.c4 c6
44.cxb5 axb5
45.Rd4e4 Kd7
46.Re4d4 Kc7
47.a4 bxa4
48.Rd4c4 Rg2g3
49.b5 Rg3b3
50.Ka2 Rb3xb5
51.Ka3 Rb5a5
52.Rc4xa4 Ra5xa4
53.Kxa4 Kd6
{ resign }
0-1

[Event "Match"]
[Site "www.echecsemail.com"]
[Date "2016.05.05"]
[Round "1"]
[White "B0zata"]
[Black "Afrikanu007"]
[WhiteElo "1799"]
[BlackElo "1859"]
[Result "1-0"]
[Round "1"]
1.Ng1f3 d5
2.e3 Nb8c6
3.Bf1b5 Bc8d7
4.O-O e6
5.d4 h6
6.c4 Ng8f6
7.Nb1c3 Nc6e7
8.Bb5xd7 Qd8xd7
9.Nf3e5 Qd7d8
10.Qd1f3 c6
11.Rf1e1 Ne7f5
12.b3 Bf8b4
13.Bc1d2 Nf6e4
14.Qf3h5  { time }
1-0

[Event "Match"]
[Site "www.echecsemail.com"]
[Date "2016.05.05"]
[Round "1"]
[White "Chessexpert"]
[Black "Osvalazo"]
[WhiteElo "1480"]
[BlackElo "1700"]
[Result "1-0"]
[Round "1"]
1.d4 e6
2.Ng1f3 Bf8b4
3.c3 Bb4a5
4.e4 d5
5.Bf1d3 c6
6.O-O Ba5c7
7.e5 h6
8.Nb1d2 Ng8e7
9.Qd1e2 b5
10.a4 Bc8a6
11.axb5 Ba6b7
12.Nd2b3 g5
13.Nb3c5 Qd8c8
14.b4 Bc7b6
15.Nc5xb7 Qc8xb7
16.bxc6  { time }
1-0

[Event "Match"]
[Site "www.echecsemail.com"]
[Date "2016.05.05"]
[Round "1"]
[White "Mitja"]
[Black "Bojan"]
[WhiteElo "1890"]
[BlackElo "1850"]
[Result "0-1"]
[Round "1"]
1.d4 g6
2.e3 Bf8g7
3.Ng1f3 d5
4.c3 a6
5.h3 Ng8f6
6.Nb1d2 Nf6e4
7.Nd2xe4 dxe4
8.Nf3d2 f5
9.f3 exf3
10.Qd1xf3 Nb8c6
11.Nd2b3 Nc6a7
12.Bf1xa6 Na7c6
13.Nb3c5 Ra8xa6
14.Nc5xa6 Bc8e6
15.Na6c5 Be6d5
16.Qf3e2 b6
17.Nc5b3 O-O
18.Rh1g1 e5
19.dxe5 Bg7xe5
20.Bc1d2 Be5g3
21.Kd1 Rf8e8
22.Nb3d4 Nc6e5
23.Nd4f3 Bd5c4
24.Nf3xe5 Bc4xe2
25.Kxe2 Re8xe5
26.Ra1d1 Qd8d5
{ resign }
0-1

[Event "Tourn. n8607"]
[Site "www.chess-mail.com"]
[Date "2016.05.06"]
[Round "1"]
[White "Falcoale"]
[Black "Leeds"]
[WhiteElo "1750"]
[BlackElo "1880"]
[Result "0-1"]
[Round "1"]
1.e4 e5
2.Ng1f3 d6
3.h3 Ng8f6
4.Nb1c3 Nb8c6
5.Bf1c4 Bf8e7
6.O-O Nc6d4
7.d3 O-O
8.Nf3xd4 exd4
9.Nc3e2 a6
10.Ne2xd4 d5
11.exd5 Nf6xd5
12.Nd4f3 c6
13.Rf1e1 Be7f6
14.Ra1b1 Bc8e6
15.Bc1d2 Qd8d7
16.Nf3g5 Bf6xg5
17.Bd2xg5 Rf8e8
18.Bc4b3 h6
19.Bg5h4 Nd5f4
20.Bb3xe6 Re8xe6
21.Re1xe6 Qd7xe6
22.Qd1d2 Nf4g6
23.a3 Ng6xh4
24.Qd2f4 Nh4g6
25.Qf4b4 Qe6d7
26.Qb4d2 Ra8e8
27.Rb1e1 Re8xe1
28.Qd2xe1 Qd7e7
29.Qe1d2 Qe7f6
30.Qd2b4 b5
31.Qb4e4 Qf6e6
32.Qe4d4 Qe6e5
33.Qd4d8 Kh7
34.d4 Qe5e1
35.Kh2 Qe1e4
36.c3 Qe4f4
37.Kg1 Qf4c1
38.Kh2 Qc1xb2
39.Qd8a5 Qb2xf2
40.Qa5xa6 Qf2f4
41.Kg1 Qf4e3
42.Kh2 Qe3xc3
{ resign }
0-1

[Event "Tourn. n8628"]
[Site "www.chess-mail.com"]
[Date "2016.05.06"]
[Round "1"]
[White "Bigrezi"]
[Black "Genius9"]
[WhiteElo "1760"]
[BlackElo "1770"]
[Result "0-1"]
[Round "1"]
1.e4 e5
2.Ng1f3 d6
3.d4 exd4
4.Nf3xd4 Ng8f6
5.Bc1g5 Bf8e7
6.Nb1c3 O-O
7.Bf1c4 c6
8.a3 Nb8d7
9.O-O Nd7e5
10.Bc4e2 h6
11.Bg5h4 Ne5g6
12.Bh4g3 Rf8e8
13.f3 Nf6h5
14.Bg3f2 Nh5f4
15.Rf1e1 Nf4xe2
16.Re1xe2 Be7f6
17.Re2d2 Bf6e5
18.Nc3e2 Qd8c7
19.c3 Ng6f4
20.Ne2xf4 Be5xf4
21.Rd2d3 a6
22.Qd1b3 c5
23.Nd4e2 Bf4g5
24.Ra1d1 c4
25.Qb3a4 b5
26.Qa4c2 cxd3
27.Qc2xd3 Re8d8
28.Ne2d4 Bc8d7
29.Nd4e2 Bd7c6
30.Ne2d4 Bg5f4
31.Nd4xc6 Qc7xc6
32.g3 Bf4e5
33.f4 Be5f6
34.Qd3e3 Rd8e8
35.Qe3d3 Qc6xe4
36.Qd3xe4 Re8xe4
37.Rd1xd6 Kf8
38.Rd6d2 Ra8d8
39.Kg2 Rd8xd2
{ resign }
0-1

[Event "Tourn. n8723"]
[Site "www.chess-mail.com"]
[Date "2016.05.06"]
[Round "1"]
[White "Mars91"]
[Black "Elogic"]
[WhiteElo "2020"]
[BlackElo "1860"]
[Result "1-0"]
[Round "1"]
1.Ng1f3 g6
2.e4 d6
3.d4 e6
4.Bc1g5 f6
5.Bg5e3 b6
6.c4 Bc8d7
7.Nb1c3 c5
8.Bf1e2 Bf8g7
9.Qd1d2 cxd4
10.Nf3xd4  { time }
1-0

[Event "Tourn. n8689"]
[Site "www.chess-mail.com"]
[Date "2016.05.06"]
[Round "1"]
[White "Guidom"]
[Black "Julian"]
[WhiteElo "2020"]
[BlackElo "2110"]
[Result "1-0"]
[Round "1"]
1.e4 c5
2.Ng1f3 d6
3.c4 e6
4.d3 Nb8c6
5.Nb1c3 g6
6.Bf1e2 Bf8g7
7.O-O Ng8e7
8.a3 O-O
9.Bc1e3 Nc6d4
10.Be3xd4 cxd4
11.Nc3b1 d5
12.cxd5 exd5
13.exd5 Ne7xd5
14.Rf1e1 Rf8e8
15.Nb1d2 Nd5f4
16.Be2f1 Re8xe1
17.Qd1xe1 Bc8g4
18.Qe1e4 Qd8d6
19.Nd2c4 Qd6c7
20.Nf3xd4 Bg4d7
21.Ra1e1 Nf4e6
22.Nd4xe6 Bd7xe6
23.Re1c1 Qc7d7
24.Nc4e5 Qd7e7
25.d4 Ra8d8
26.Qe4e3 Be6d5
27.Ne5g4 Qe7xe3
28.fxe3 h5
29.Ng4f2 f5
30.Nf2d3 Bd5e4
31.Rc1c7 g5
32.Nd3c5 Be4c6
33.Nc5xb7 Bc6xb7
34.Rc7xb7 a5
35.Rb7b5 f4
36.Rb5xa5 fxe3
37.Ra5xg5 Kf7
38.Bf1e2 Rd8xd4
39.Be2xh5 Kf8
40.Rg5b5 Rd4d2
41.Rb5b8 Ke7
42.Kf1 Bg7xb2
43.Rb8e8 Kf6
44.Re8xe3 Rd2d5
45.Bh5f3 Rd5a5
46.h4 Bb2xa3
47.h5 Kg5
48.Re3e6 Ra5c5
49.g3 Rc5c1
50.Kg2 Rc1c2
51.Kh3 Ba3c1
52.Bf3e4 Rc2c7
53.Re6g6 Kxh5
54.g4 { resign }
1-0

[Event "Tourn. n8685"]
[Site "www.chess-mail.com"]
[Date "2016.05.06"]
[Round "1"]
[White "Osopanda"]
[Black "Louis"]
[WhiteElo "2010"]
[BlackElo "1880"]
[Result "0-1"]
[Round "1"]
1.d4 Ng8f6
2.c4 g6
3.Nb1c3 Bf8g7
4.e4 d6
5.f4 O-O
6.Ng1f3 c5
7.d5 e6
8.dxe6 fxe6
9.Bf1d3 Nb8c6
10.O-O Nc6d4
11.Bc1e3 Nf6g4
12.Be3xd4 cxd4
13.Nc3b5 a6
14.Nb5xd4 Ng4e3
15.Qd1e2 Ne3xf1
16.Ra1xf1 Qd8b6
17.Qe2e3 Qb6xb2
18.e5 dxe5
19.fxe5 Qb2xa2
20.Nf3g5 Rf8xf1
21.Kxf1 Bg7h6
22.h4 Bh6xg5
23.Qe3xg5 Qa2a1
24.Ke2 Qa1xd4
25.Qg5f6 Bc8d7
26.Qf6g5 Ra8f8
27.h5 Qd4f2
28.Kd1 Bd7a4
29.Kc1 Qf2e1
30.Kb2 Rf8f2
31.Ka3 Qe1c3
{ resign }
0-1

[Event "Tourn. n8750"]
[Site "www.chess-mail.com"]
[Date "2016.05.06"]
[Round "1"]
[White "Attatroll"]
[Black "Romaamor69"]
[WhiteElo "1950"]
[BlackElo "1859"]
[Result "0-1"]
[Round "1"]
1.d4 e6
2.e4 d5
3.Nb1c3 dxe4
4.Nc3xe4 Nb8d7
5.Ng1f3 Ng8f6
6.Bc1g5 Bf8e7
7.Bf1d3 Nf6xe4
8.Bg5xe7 Qd8xe7
9.Bd3xe4 Nd7f6
10.Be4d3 O-O
11.O-O b6
12.Rf1e1 Bc8b7
13.c3 c5
14.dxc5 Qe7xc5
15.Qd1c2 Bb7xf3
16.gxf3 Qc5h5
17.Kg2 Nf6d5
18.Re1e4 f5
19.Re4d4 Rf8f6
20.Qc2e2 Rf6g6
21.Kh1 Rg6h6
{ resign }
0-1

[Event "Tourn. n8725"]
[Site "www.chess-mail.com"]
[Date "2016.05.06"]
[Round "1"]
[White "Genius3"]
[Black "Daquata"]
[WhiteElo "1680"]
[BlackElo "1620"]
[Result "1-0"]
[Round "1"]
1.Nb1c3 e5
2.Ng1f3 Nb8c6
3.e4 Ng8f6
4.Bf1b5 d6
5.d4 exd4
6.Nf3xd4 Bc8d7
7.Bb5xc6 bxc6
8.O-O Bf8e7
9.Rf1e1 O-O
10.h3 c5
11.Nd4e2 Bd7c6
12.Ne2g3 Rf8e8
13.Ng3f5 Be7f8
14.f3 g6
15.Nf5g3 Bf8g7
16.Bc1e3 Ra8b8
17.Ra1b1 Bg7h6
18.Be3xh6 { resign }
1-0

[Event "Tourn. n8727"]
[Site "www.chess-mail.com"]
[Date "2016.05.06"]
[Round "1"]
[White "Falcoale"]
[Black "Picifarkinca"]
[WhiteElo "1750"]
[BlackElo "1720"]
[Result "0-1"]
[Round "1"]
1.e4 c6
2.Ng1f3 d5
3.exd5 cxd5
4.d4 e6
5.b3 Nb8c6
6.c3 Ng8f6
7.Bf1d3 Bf8e7
8.O-O O-O
9.Nb1d2 Qd8c7
10.Bc1b2 Bc8d7
11.Qd1c2 Ra8c8
12.Qc2b1 h6
13.Rf1e1 Be7d6
14.Nf3e5 Nc6xe5
15.dxe5 Bd6xe5
16.Re1c1 Be5xh2
17.Kh1 Bh2f4
18.Rc1d1 Qc7e5
19.c4 Qe5h5
20.Kg1 Qh5h2
21.Kf1 dxc4
22.bxc4 Bd7c6
23.Nd2e4 Qh2h1
24.Ke2 Qh1xg2
25.Ne4xf6 gxf6
26.Rd1g1 Bc6f3
{ resign }
0-1

[Event "Tourn. n8750"]
[Site "www.chess-mail.com"]
[Date "2016.05.06"]
[Round "1"]
[White "Francesco"]
[Black "Bojan"]
[WhiteElo "1960"]
[BlackElo "1880"]
[Result "0-1"]
[Round "1"]
1.e4 e5
2.Ng1f3 f6
3.Bf1b5 a6
4.Bb5a4 g6
5.O-O b5
6.Ba4b3 Nb8c6
7.d4 d6
8.dxe5 Nc6xe5
9.Nf3xe5 fxe5
10.Bc1e3 Bc8b7
11.Bb3d5 c6
12.Bd5b3 Qd8f6
13.Qd1g4 h6
14.f4 Bb7c8
15.Qg4f3 Ng8e7
16.Nb1c3 Bc8e6
17.Bb3xe6 Qf6xe6
18.a3 Bf8g7
19.fxe5 Bg7xe5
20.Be3d2 O-O-O
21.Qf3f7 Qe6xf7
22.Rf1xf7 Rd8e8
23.Ra1f1 g5
24.b4 Ne7g6
25.Rf7a7 Be5d4
{ resign }
0-1

[Event "Tourn. n8730"]
[Site "www.chess-mail.com"]
[Date "2016.05.06"]
[Round "1"]
[White "Libiesse"]
[Black "Derfel83"]
[WhiteElo "1960"]
[BlackElo "1950"]
[Result "1-0"]
[Round "1"]
1.d4 e6
2.c4 c5
3.d5 exd5
4.cxd5 Bf8d6
5.Nb1c3 Ng8f6
6.Bc1g5 O-O
7.Ng1f3 h6
8.Bg5h4 Rf8e8
9.g4 g5
10.Bh4g3 Bd6xg3
11.hxg3 Nf6xg4
12.Qd1c2 Qd8f6
13.Bf1h3 Qf6xf3
14.O-O Ng4e3
15.fxe3 Qf3xg3
16.Bh3g2 d6
17.Rf1f3 Qg3h4
18.Ra1f1 Nb8d7
19.Rf3xf7 Nd7e5
20.Qc2h7 
1-0

[Event "Tourn. n8666"]
[Site "www.chess-mail.com"]
[Date "2016.05.06"]
[Round "1"]
[White "Xkafi"]
[Black "Luban"]
[WhiteElo "1990"]
[BlackElo "2050"]
[Result "0-1"]
[Round "1"]
1.e4 c5
2.Bf1c4 e6
3.Ng1f3 a6
4.a3 d5
5.exd5 exd5
6.Bc4a2 Bf8e7
7.O-O Ng8f6
8.Rf1e1 O-O
9.Nb1c3 d4
10.Nc3e4 Nf6xe4
11.Re1xe4 Nb8c6
12.d3 Bc8f5
13.Re4e1 Bf5g4
14.h3 Bg4h5
15.Bc1f4 Be7f6
16.g4 Bh5g6
17.Kg2 h6
18.Qd1d2 Qd8d7
19.g5 hxg5
20.Bf4xg5 Bf6xg5
21.Qd2xg5 Qd7f5
22.Qg5g3 Kh8
23.Qg3h4 Kg8
24.Qh4g3 Kh7
25.Nf3h4 Qf5h5
26.Re1g1 Nc6e7
27.Kh2 Ne7f5
28.Nh4xf5 Qh5xf5
29.Ra1e1 Ra8e8
30.Qg3h4 Qf5h5
31.Qh4f4 Re8xe1
32.Rg1xe1 Bg6f5
33.h4 Bf5g4
34.Kg3 Bg4d7
35.Re1e5 Qh5d1
36.Ba2xf7 Qd1g1
37.Kf3 Rf8xf7
38.Qf4xf7 Qg1g4

0-1

[Event "Tourn. n8745"]
[Site "www.chess-mail.com"]
[Date "2016.05.06"]
[Round "1"]
[White "Elogic"]
[Black "Bojan"]
[WhiteElo "1830"]
[BlackElo "1890"]
[Result "0-1"]
[Round "1"]
1.e4 Nb8c6
2.d4 d5
3.e5 Bc8f5
4.Bf1d3 Nc6xd4
5.Nb1c3 Qd8d7
6.Bd3xf5 Nd4xf5
 { time }
0-1

[Event "Tourn. n8714"]
[Site "www.chess-mail.com"]
[Date "2016.05.06"]
[Round "1"]
[White "Prize64"]
[Black "Roque1"]
[WhiteElo "2270"]
[BlackElo "2090"]
[Result "1-0"]
[Round "1"]
1.e4 c5
2.Ng1f3 e6
3.d4 cxd4
4.Nf3xd4 Ng8f6
5.Nb1c3 Bf8b4
6.Bf1d3 O-O
7.O-O Nb8c6
8.Bc1e3 Qd8c7
9.Nd4b5 Qc7e5
10.f4 Qe5b8
11.e5 Nf6d5
12.Nc3xd5 exd5
13.c3 Bb4a5
14.Be3c5 Ba5b6
15.Bc5xb6 axb6
16.Bd3xh7 Kxh7
17.Qd1h5 Kg8
18.Rf1f3  { time }
1-0

[Event "Match"]
[Site "www.echecsemail.com"]
[Date "2016.05.06"]
[Round "1"]
[White "Wagner"]
[Black "Elogic"]
[WhiteElo "1770"]
[BlackElo "1800"]
[Result "1-0"]
[Round "1"]
1.e4 c5
2.b3 e6
3.Ng1h3 Qd8h4
4.Nb1c3 Nb8c6
5.Nc3b5 Qh4xe4
6.Qd1e2 Qe4xc2
7.Qe2h5 Qc2e4
8.Kd1 Ng8f6
9.Qh5f3  { time }
1-0

[Event "Match"]
[Site "www.echecsemail.com"]
[Date "2016.05.06"]
[Round "1"]
[White "Chtoubidou"]
[Black "Snickers"]
[WhiteElo "1980"]
[BlackElo "1809"]
[Result "1/2-1/2"]
[Round "1"]
1.e4 e6
2.d4 d5
3.Nb1c3 dxe4
4.Nc3xe4 Bc8d7
5.Ng1f3 Bd7c6
6.Bf1d3 Nb8d7
7.O-O Ng8f6
8.Qd1e2 Bc6xe4
9.Bd3xe4 Nf6xe4
10.Qe2xe4 c6
11.c3 Nd7f6
12.Qe4d3 Bf8e7
13.Bc1g5 O-O
14.Rf1e1 Nf6d5
15.Bg5xe7 Qd8xe7
16.a3 Rf8d8
17.Ra1d1 h6
18.Qd3e4 Qe7c7
19.Qe4g4 Nd5f6
20.Qg4g3 Qc7xg3
21.hxg3 Ra8c8
22.Nf3e5 Nf6d5
23.f4 Nd5e7
24.g4 Ne7d5
{ draw }
1/2-1/2

[Event "Match"]
[Site "www.echecsemail.com"]
[Date "2016.05.06"]
[Round "1"]
[White "Chtoubidou"]
[Black "Elogic"]
[WhiteElo "1930"]
[BlackElo "1850"]
[Result "1-0"]
[Round "1"]
1.e4 e6
2.d4 d5
3.Nb1c3 Bf8b4
4.a3 Bb4xc3
5.bxc3 dxe4
6.Qd1g4 g6
7.Qg4xe4 Ng8f6
8.Qe4f3  { time }
1-0

[Event "Match"]
[Site "www.echecsemail.com"]
[Date "2016.05.06"]
[Round "1"]
[White "Chtoubidou"]
[Black "Osvalazo"]
[WhiteElo "2000"]
[BlackElo "1700"]
[Result "1-0"]
[Round "1"]
1.e4 e5
2.Ng1f3 Nb8c6
3.d4 Ng8f6
4.Nb1c3 Bf8b4
5.d5 Bb4xc3
6.bxc3 Nf6xe4
7.dxc6 Ne4xc3
8.cxd7 Bc8xd7
9.Qd1d3 e4
10.Qd3xc3 exf3
11.Qc3xf3 Bd7c6
12.Qf3e3 Kf8
13.Bc1a3 Kg8
14.Ra1d1 Qd8f6
15.Bf1e2 Ra8e8
16.Qe3c5 Qf6e6
17.O-O Qe6xe2
18.Ba3b4 h5
19.Rf1e1 Qe2g4
20.Re1xe8 Bc6xe8
21.Rd1d8 Qg4e6
22.Qc5xc7  { time }
1-0

[Event "Match"]
[Site "www.echecsemail.com"]
[Date "2016.05.06"]
[Round "1"]
[White "Toblakay"]
[Black "Paco"]
[WhiteElo "1499"]
[BlackElo "1850"]
[Result "1-0"]
[Round "1"]
1.d4 d5
2.c4 dxc4
3.Ng1f3 Bc8f5
4.e3 Qd8d5
5.Nb1c3 Qd5c6
6.Nf3e5 Qc6b6
7.Ne5xc4 Qb6g6
8.Qd1b3 b6
9.Nc4e5 Qg6e6
10.Bf1c4 Qe6f6
11.Bc4xf7 Kd8
12.Qb3d5 Qf6d6
13.Qd5xa8 Kc8
14.Qa8d5 Qd6xd5
15.Bf7xd5 Ng8h6
16.e4 e6
17.exf5 exd5
18.Bc1xh6 gxh6
19.Nc3xd5 Bf8d6
20.O-O Rh8f8
21.g4 c6
22.Nd5c3 b5
23.Nc3e4 Bd6xe5
24.dxe5 Nb8d7
25.e6 Nd7e5
26.e7 Rf8e8
27.Ne4d6 { resign }
1-0

[Event "Match"]
[Site "www.echecsemail.com"]
[Date "2016.05.06"]
[Round "1"]
[White "Elogic"]
[Black "Pablincho"]
[WhiteElo "1770"]
[BlackElo "1770"]
[Result "1-0"]
[Round "1"]
1.b3 d5
2.e3 c5
3.Bc1b2 Nb8c6
4.Bf1b5 a6
5.Bb5xc6 bxc6
6.d3 d4
7.h3 e5
8.e4 Ng8f6
9.c4 Bf8d6
10.g4 h6
11.f3 O-O
12.Bb2c1 Nf6h7
13.Ng1e2 Qd8h4
14.Kf1 Nh7g5
15.Bc1xg5 hxg5
16.a4 a5
17.Qd1e1 f6
18.Ne2g3 g6
19.Nb1d2 Kf7
20.Kg2 Rf8h8
21.Rh1h2 Rh8h6
22.Ng3e2  { time }
1-0

[Event "Match"]
[Site "www.echecsemail.com"]
[Date "2016.05.06"]
[Round "1"]
[White "Elogic"]
[Black "Estonia"]
[WhiteElo "1840"]
[BlackElo "1980"]
[Result "0-1"]
[Round "1"]
1.f4 d5
2.c3 c5
3.a4 Nb8c6
4.d4 e6
5.dxc5 Bf8xc5
6.Ng1f3 Ng8f6
7.b4 Bc5d6
8.b5 Nc6e7
9.g3 Qd8c7
 { time }
0-1

[Event "Match"]
[Site "www.echecsemail.com"]
[Date "2016.05.06"]
[Round "1"]
[White "Milkyway"]
[Black "Pellix84"]
[WhiteElo "1809"]
[BlackElo "2010"]
[Result "1-0"]
[Round "1"]
1.Ng1f3 Ng8f6
2.c4 c5
3.d4 b6
4.d5 e6
5.Nb1c3 exd5
6.cxd5 d6
7.e4 g6
8.Bf1b5 Bc8d7
9.Bb5xd7 Nb8xd7
10.O-O Bf8g7
11.Rf1e1 O-O
12.h3 Rf8e8
13.Bc1f4 Qd8c7
14.Nc3b5 Qc7d8
15.Nb5xd6 Re8e7
16.e5 Nd7xe5
17.Bf4xe5 Re7xe5
18.Nf3xe5 Qd8xd6
19.Ne5c6 Nf6xd5
20.Qd1xd5 Qd6xd5
21.Nc6e7 Kf8
22.Ne7xd5 Bg7xb2
23.Ra1b1 Bb2d4
24.Kf1 Ra8d8
25.Nd5c7 Kg7
26.Nc7b5 { resign }
1-0

[Event "Match"]
[Site "www.echecsemail.com"]
[Date "2016.05.06"]
[Round "1"]
[White "Bigrezi"]
[Black "Genius2"]
[WhiteElo "1790"]
[BlackElo "1740"]
[Result "0-1"]
[Round "1"]
1.e4 e5
2.Ng1f3 Nb8c6
3.d4 exd4
4.Nf3xd4 Ng8f6
5.Nb1c3 Bf8b4
6.Bf1d3 Nc6xd4
7.Bc1d2 d6
8.O-O O-O
9.a3 Bb4xc3
10.Bd2xc3 Nd4c6
11.Rf1e1 Rf8e8
12.Qd1e2 Nc6e5
13.Bd3b5 Bc8d7
14.Bb5xd7 Qd8xd7
15.f4 Ne5c6
16.Ra1d1 Qd7g4
17.Qe2xg4 Nf6xg4
18.h3 Ng4h6
19.Rd1d2 f5
20.Rd2e2 fxe4
21.Re2e3 d5
22.Bc3d2 Ra8d8
23.Re3b3 Rd8b8
24.Rb3g3 Nh6f5
25.Rg3g5 g6
26.Kf2 d4
27.g4 Nf5d6
28.Bd2c1 e3
29.Ke2 Nd6e4
30.Rg5b5 a6
31.Rb5b3 b6
32.c4 Rb8d8
33.Kf3 Ne4c5
34.Rb3xb6 cxb6
35.b4 Nc5d3
{ resign }
0-1

[Event "Match"]
[Site "www.echecsemail.com"]
[Date "2016.05.06"]
[Round "1"]
[White "Umutkrc"]
[Black "Elogic"]
[WhiteElo "1830"]
[BlackElo "1860"]
[Result "1-0"]
[Round "1"]
1.h3 b5
2.Ng1f3 e6
3.a3 c5
4.Nb1c3 a6
5.Nc3e4 d5
6.Ne4c3 d4
7.Nc3e4 f5
8.Ne4g3  { time }
1-0

[Event "Match"]
[Site "www.echecsemail.com"]
[Date "2016.05.06"]
[Round "1"]
[White "Afrikanu007"]
[Black "Pimpampum"]
[WhiteElo "1950"]
[BlackElo "1499"]
[Result "0-1"]
[Round "1"]
1.d4 Ng8f6
2.Bc1g5 Nf6e4
3.Ng1f3 c6
4.Bg5f4 d5
5.e3 Bc8g4
6.h3 Bg4h5
7.Bf1e2 e6
8.c3 Nb8d7
9.Nb1d2 f5
10.Qd1b3 Ne4xd2
11.Nf3xd2 Bh5xe2
12.Kxe2 Qd8b6
13.Nd2f3 Bf8e7
 { time }
0-1

[Event "Tourn. n8691"]
[Site "www.chess-mail.com"]
[Date "2016.05.07"]
[Round "1"]
[White "Karousek"]
[Black "Prize64"]
[WhiteElo "2260"]
[BlackElo "2200"]
[Result "0-1"]
[Round "1"]
1.e4 c5
2.Ng1f3 Nb8c6
3.Nb1c3 e6
4.d4 cxd4
5.Nf3xd4 a6
6.Bf1e2 Qd8c7
7.Nd4b3 Ng8f6
8.O-O b5
9.a3 Bc8b7
10.Bc1e3 Bf8e7
11.f4 d6
12.Be2d3 O-O
13.Qd1f3 Ra8c8
14.Ra1d1 Nc6a5
15.Nb3d2 d5
16.exd5 Nf6xd5
17.Nc3xd5 Bb7xd5
18.Qf3h5 g6
19.Qh5h6 Be7c5
20.Be3xc5 Qc7xc5
21.Kh1 Na5c4
22.Bd3xc4 bxc4
23.Nd2f3 Bd5xf3
24.Rf1xf3 Rf8d8
25.Rd1f1 Qc5f8
26.Qh6g5 Rd8d5
27.Qg5f6 Qf8g7
28.Qf6xg7 Kxg7
29.b4 c3
30.Rf1b1 Rd5d2
{ resign }
0-1

[Event "Tourn. n8691"]
[Site "www.chess-mail.com"]
[Date "2016.05.07"]
[Round "1"]
[White "Karousek"]
[Black "Tonino1"]
[WhiteElo "2260"]
[BlackElo "2210"]
[Result "0-1"]
[Round "1"]
1.e4 c5
2.Ng1f3 d6
3.d4 cxd4
4.Nf3xd4 Ng8f6
5.Nb1c3 g6
6.Bf1e2 Bf8g7
7.O-O O-O
8.Bc1g5 Nb8c6
9.Nd4b3 a6
10.Qd1d2 Bc8e6
11.Kh1 Be6xb3
12.cxb3 Rf8e8
13.f4 Qd8a5
14.f5 Nc6e5
15.fxg6 hxg6
16.h3 Ra8c8
17.Bg5h6 Bg7h8
18.Qd2g5 Rc8c5
19.Qg5g3 b5
{ resign }
0-1

[Event "Tourn. n8731"]
[Site "www.chess-mail.com"]
[Date "2016.05.07"]
[Round "1"]
[White "Azulmarino"]
[Black "Daquata"]
[WhiteElo "1510"]
[BlackElo "1650"]
[Result "0-1"]
[Round "1"]
1.e4 e5
2.Ng1f3 Nb8c6
3.Bf1c4 Bf8c5
4.b3 Ng8f6
5.d3 d6
6.Bc1g5 Bc8g4
7.Nb1d2 O-O
8.h3 Bg4h5
9.g4 Bh5g6
10.O-O h6
11.Bc4d5 hxg5
12.Nf3xg5 Nf6xd5
13.exd5 Qd8xg5
14.Nd2f3 Qg5h6
15.Kh2 Nc6d4
16.c3 Nd4xf3
17.Kg2 Nf3h4
18.Kg1 Qh6f4
19.Qd1e2 f5
20.Kh1 Nh4f3
21.Kg2 fxg4
22.hxg4 Qf4xg4
23.Kh1 Qg4h3
{ resign }
0-1

[Event "Tourn. n8713"]
[Site "www.chess-mail.com"]
[Date "2016.05.07"]
[Round "1"]
[White "Azulmarino"]
[Black "Cal"]
[WhiteElo "1430"]
[BlackElo "1670"]
[Result "0-1"]
[Round "1"]
1.e4 e5
2.Ng1f3 d6
3.Bf1c4 c6
4.Nb1c3 h6
5.d3 Ng8f6
6.Bc1e3 b5
7.Bc4b3 Bc8b7
8.a3 Bf8e7
9.Nf3h4 Nb8d7
10.Nh4f5 Nd7f8
11.Qd1f3 Nf8g6
12.Nf5xg7 Kf8
13.Ng7f5 a6
14.Be3xh6 Ke8
15.Bh6g5 Nf6h5
16.Nf5xd6 Qd8xd6
17.Qf3xf7 Kd8
18.Bb3e6 Nh5f4
19.Qf7g7 Qd6xe6
20.O-O-O Kd7
21.Bg5xf4 Ng6xf4
22.b3 Rh8g8
23.Qg7h7 Rg8xg2
24.Rd1d2 Ra8g8
25.Nc3e2 Nf4xe2
26.Rd2xe2 c5
27.Re2e1 Rg2xf2
28.Rh1g1 Rg8xg1
29.Re1xg1 c4
30.dxc4 bxc4
31.Rg1d1 Ke8
32.Qh7h8 Rf2f8
33.Qh8h5 Rf8f7
34.bxc4 Be7xa3
35.Kb1 Bb7xe4
36.Rd1d2 Qe6b6
37.Ka2 Qb6b2
{ resign }
0-1

[Event "Tourn. n8639"]
[Site "www.chess-mail.com"]
[Date "2016.05.07"]
[Round "1"]
[White "Libiesse"]
[Black "Piwi123"]
[WhiteElo "2050"]
[BlackElo "2110"]
[Result "0-1"]
[Round "1"]
1.d4 d5
2.c4 dxc4
3.Nb1c3 Ng8f6
4.Ng1f3 e6
5.Bc1g5 a6
6.Qd1a4 b5
7.Qa4c2 Nb8d7
8.e3 c5
9.dxc5 Bf8xc5
10.Ra1d1 O-O
11.Bf1e2 Qd8b6
12.O-O h6
13.Bg5h4 Bc8b7
14.Bh4xf6 Nd7xf6
15.a3 Qb6c6
16.Rd1d2 Nf6e4
17.Nf3e5 Qc6c7
18.Rd2d7 Qc7xe5
19.Rd7xb7 Ne4xc3
20.bxc3 Bc5xa3
21.Be2f3 Ra8d8
22.Rf1a1 b4
23.Rb7xb4 Ba3xb4
24.cxb4 Qe5xa1
{ resign }
0-1

[Event "Tourn. n8758"]
[Site "www.chess-mail.com"]
[Date "2016.05.07"]
[Round "1"]
[White "Attatroll"]
[Black "Mitja"]
[WhiteElo "1970"]
[BlackElo "1840"]
[Result "1/2-1/2"]
[Round "1"]
1.e4 d5
2.exd5 Qd8xd5
3.Nb1c3 Qd5d8
4.d4 e6
5.Ng1f3 c6
6.Bf1d3 h6
7.O-O Ng8f6
8.Rf1e1 Nb8d7
9.Bc1f4 Nd7b6
10.h3 Bf8d6
11.Bf4xd6 Qd8xd6
12.Qd1e2 O-O
13.Ra1d1 Nb6d5
14.Nc3e4 Nf6xe4
15.Qe2xe4 Nd5f6
16.Qe4e5 Qd6xe5
17.dxe5 Nf6d5
18.a3 b6
19.Nf3d4 Bc8b7
20.f4 Nd5xf4
21.Nd4f3 Nf4xd3
22.Rd1xd3 c5
23.Re1d1 Bb7xf3
24.gxf3 Rf8c8
25.Rd3d7 Kf8
26.Rd7b7 Rc8b8
27.Rb7c7 Rb8c8
28.Rc7b7 Rc8b8
29.Rb7c7 Rb8c8
30.Rc7b7 Rc8b8
{ draw }
1/2-1/2

[Event "Tourn. n8690"]
[Site "www.chess-mail.com"]
[Date "2016.05.07"]
[Round "1"]
[White "Tonino1"]
[Black "Gearoidmac"]
[WhiteElo "2250"]
[BlackElo "2309"]
[Result "0-1"]
[Round "1"]
1.d4 e6
2.Ng1f3 d5
3.e3 Ng8f6
4.Bf1d3 c5
5.b3 Nb8c6
6.a3 cxd4
7.exd4 b6
8.Bc1b2 Bf8d6
9.Nf3e5 Bc8b7
10.Nb1d2 O-O
11.f4 Nc6e7
12.O-O Nf6e4
13.c4 { time. }
0-1

[Event "Tourn. n8724"]
[Site "www.chess-mail.com"]
[Date "2016.05.07"]
[Round "1"]
[White "Mars91"]
[Black "Roque1"]
[WhiteElo "2020"]
[BlackElo "2110"]
[Result "1-0"]
[Round "1"]
1.Ng1f3 e6
2.c4 Ng8f6
3.d4 d6
4.Nb1c3 Nb8c6
5.e4 Bf8e7
6.Bf1e2 O-O
7.O-O Bc8d7
8.h3 a6
9.Bc1e3 Qd8b8
{ time. }
1-0

[Event "Tourn. n8691"]
[Site "www.chess-mail.com"]
[Date "2016.05.07"]
[Round "1"]
[White "Comrade"]
[Black "Karousek"]
[WhiteElo "2190"]
[BlackElo "2260"]
[Result "1-0"]
[Round "1"]
1.c4 Ng8f6
2.Nb1c3 g6
3.d4 Bf8g7
4.e4 d6
5.Ng1f3 O-O
6.Bf1e2 Nb8a6
7.e5 Nf6g4
8.h3 Ng4h6
9.Bc1f4 c5
10.d5 Na6c7
11.O-O f5
12.e6 Kh8
13.Qd1d2 Nh6g8
14.Nf3g5 Ng8h6
15.Ng5f3 Nh6g8
16.Be2d3 h6
17.Qd2c2 Ng8f6
18.g3 b5
19.Kg2 bxc4
20.Bd3xc4 Bc8a6
21.b3 Nf6e4
22.Nc3xe4 fxe4
23.Qc2xe4 Qd8e8
24.Ra1c1 Nc7b5
25.a4 Nb5c7
26.h4 Ba6b7
27.Rc1d1 Rf8f6
28.Qe4c2 Nc7xe6
29.dxe6 g5
30.hxg5 hxg5
31.Rf1h1 { resign }
1-0

[Event "Tourn. n8683"]
[Site "www.chess-mail.com"]
[Date "2016.05.07"]
[Round "1"]
[White "Taxrama"]
[Black "Plymouth"]
[WhiteElo "1499"]
[BlackElo "1739"]
[Result "1-0"]
[Round "1"]
1.e4 c5
2.Ng1f3 d6
3.Nb1c3 Ng8f6
4.Bf1c4 e6
5.d3 Bf8e7
6.O-O O-O
7.Bc1d2 Nb8c6
8.Nf3g5 d5
9.Bc4b5 d4
10.Nc3a4 Bc8d7
11.b3 a6
12.Bb5xc6 Bd7xc6
13.e5 Qd8d5
14.Ng5f3 Nf6d7
15.Rf1e1 b5
16.c4 bxc4
17.dxc4 { resign }
1-0